[Event "2. Bundesliga Ost 2007/2008"]
[Site "?"]
[Date "2008.03.15"]
[Round "10.1"]
[White "Mihok, Oliver"]
[Black "Stranz, Richard"]
[Result "1/2-1/2"]
[WhiteElo "2371"]
[BlackElo "2226"]
[PlyCount "58"]
[EventDate "2007.10.20"]

1. e4 c5 2. Nf3 Nc6 3. d4 cxd4 4. Nxd4 Nf6 5. Nc3 e5 6. Ndb5 d6 7. Bg5 a6 8.
Na3 Be6 9. Nc4 Rc8 10. Ne3 Qb6 11. Rb1 Nxe4 12. Nxe4 h6 13. Nxd6+ Bxd6 14. Qxd6
hxg5 15. c3 Rd8 16. Qa3 Rh4 17. Be2 Re4 18. O-O Rxe3 19. fxe3 Qxe3+ 20. Rf2 Rd2
21. Kf1 Bc4 22. Re1 e4 23. Qa4 Bd3 24. Qb3 Ne5 25. Qxb7 Rxe2 26. Qc8+ Ke7 27.
Qc7+ Ke6 28. Qc8+ Ke7 29. Qc7+ Ke6 1/2-1/2

[Event "2. Bundesliga Ost 2007/2008"]
[Site "?"]
[Date "2008.03.15"]
[Round "10.1"]
[White "Kocsisek, Marcus"]
[Black "Haas, Bernhard"]
[Result "1/2-1/2"]
[WhiteElo "2242"]
[BlackElo "1953"]
[PlyCount "141"]
[EventDate "2007.10.20"]

1. d4 d5 2. Nf3 Nf6 3. e3 c6 4. Nbd2 Bg4 5. Be2 Nbd7 6. b3 g6 7. O-O Bg7 8. h3
Bxf3 9. Nxf3 O-O 10. c4 Ne4 11. Bb2 Re8 12. cxd5 cxd5 13. Qd3 e6 14. Rfc1 Rc8
15. Rxc8 Qxc8 16. Rc1 Qb8 17. Qc2 Nb6 18. Qc7 Bf8 19. Ne5 Qxc7 20. Rxc7 Re7 21.
Rc2 Re8 22. f3 Nf6 23. Rc7 Re7 24. Rc1 Re8 25. Kf2 Rc8 26. Rxc8 Nxc8 27. Bc3
Nd6 28. g4 Nfe8 29. Ba5 Be7 30. a4 f6 31. Nd3 b6 32. Bd2 Nb7 33. Nf4 Kf7 34. e4
dxe4 35. fxe4 Ned6 36. Kf3 f5 37. gxf5 gxf5 38. e5 Ne4 39. Be1 Nd8 40. h4 Nc6
41. Ke3 Ba3 42. Bh5+ Ke7 43. Nd3 Na5 44. Bxa5 bxa5 45. Bf3 Nc3 46. Kd2 Bb4 47.
Nxb4 axb4 48. Kd3 Kd7 49. a5 f4 50. Bg4 Nd5 51. Ke4 Ke7 52. Bh3 Kd7 53. Bf1 Ke7
54. Bc4 Ne3 55. Be2 Nf5 56. d5 Ng3+ 57. Kf3 exd5 58. Bd3 Ke6 59. Kxf4 Nh5+ 60.
Kg5 Ng3 61. Bxh7 Kxe5 62. Kg4 Ne4 63. Bxe4 Kxe4 64. h5 d4 65. Kg3 Ke3 66. h6 d3
67. h7 d2 68. h8=Q d1=Q 69. Qe5+ Kd3 70. Qd6+ Kc2 71. Qxb4 1/2-1/2

[Event "2. Bundesliga Ost 2007/2008"]
[Site "?"]
[Date "2008.03.15"]
[Round "10.2"]
[White "Vyskocil, Neklan"]
[Black "Loeffler, Stefan"]
[Result "1-0"]
[WhiteElo "2308"]
[BlackElo "2409"]
[PlyCount "51"]
[EventDate "2007.10.20"]

1. e4 Nf6 2. e5 Nd5 3. d4 d6 4. c4 Nb6 5. f4 dxe5 6. fxe5 c5 7. d5 g6 8. Nc3
Bg7 9. Bf4 O-O 10. Qd2 e6 11. d6 f6 12. Nf3 fxe5 13. Bg5 Qd7 14. Ne4 Qc6 15.
Qc2 Bd7 16. O-O-O Qc8 17. h4 Nc6 18. h5 h6 19. Nf6+ Rxf6 20. Bxf6 Bxf6 21.
Qxg6+ Bg7 22. Bd3 Be8 23. Qh7+ Kf8 24. Rhf1 Nd7 25. Ng5+ Nf6 26. Rxf6+ 1-0

[Event "2. Bundesliga Ost 2007/2008"]
[Site "?"]
[Date "2008.03.15"]
[Round "10.2"]
[White "Sulyok, Michael"]
[Black "Mlynek, Petr"]
[Result "1/2-1/2"]
[WhiteElo "2255"]
[BlackElo "2210"]
[PlyCount "64"]
[EventDate "2007.10.20"]

1. c4 c6 2. e4 d5 3. cxd5 cxd5 4. exd5 a6 5. Nc3 Nf6 6. Nf3 Nxd5 7. Bc4 e6 8.
O-O Be7 9. Re1 Nc6 10. d4 O-O 11. Bb3 b5 12. Bc2 Bb7 13. Qd3 g6 14. a3 Nxc3 15.
bxc3 Bf6 16. Bf4 Qd5 17. Rab1 Na5 18. Be5 Be7 19. Qe3 Rfc8 20. Qh6 Bf8 21. Qh4
Bg7 22. Be4 Qd8 23. Qxd8+ Rxd8 24. Bc7 Bxe4 25. Rxe4 Nc4 26. Bxd8 Rxd8 27. a4
bxa4 28. Rb4 Nd6 29. Re1 a3 30. Ra4 Nb5 31. c4 Nxd4 32. Nxd4 Rxd4 1/2-1/2

[Event "2. Bundesliga Ost 2007/2008"]
[Site "?"]
[Date "2008.03.15"]
[Round "10.2"]
[White "Wagner, Stefan"]
[Black "Miniboeck, Guenter"]
[Result "0-1"]
[WhiteElo "2103"]
[BlackElo "2355"]
[PlyCount "86"]
[EventDate "2007.10.20"]

1. e4 c5 2. Nf3 d6 3. d4 cxd4 4. Nxd4 Nf6 5. Nc3 a6 6. f3 e5 7. Nb3 Be6 8. Be3
Be7 9. Qd2 O-O 10. O-O-O Qc7 11. g4 Nbd7 12. g5 Nh5 13. Nd5 Bxd5 14. exd5 a5
15. a3 a4 16. Na1 g6 17. Kb1 f6 18. gxf6 Rxf6 19. c3 Nb6 20. Nc2 Rxf3 21. Be2
Nc4 22. Qd3 Nxe3 23. Bxf3 Nxd1 24. Qxd1 Nf4 25. h4 Qc4 26. h5 Qd3 27. Qxd3 Nxd3
28. Ne3 Rf8 29. Be2 Nc5 30. hxg6 hxg6 31. Rg1 Kh7 32. Kc2 Rf2 33. Rg2 Rxg2 34.
Nxg2 Kh6 35. Ne3 Kg5 36. Bb5 Kf4 37. Nc4 g5 38. Nb6 g4 39. Kd2 Kg3 40. Nxa4
Nxa4 41. Bxa4 Kf2 42. Bd7 g3 43. Bh3 e4 0-1

[Event "2. Bundesliga Ost 2007/2008"]
[Site "?"]
[Date "2008.03.15"]
[Round "10.2"]
[White "Janetschek, Karl"]
[Black "Brandner, Stefan"]
[Result "1-0"]
[WhiteElo "2256"]
[BlackElo "2318"]
[PlyCount "85"]
[EventDate "2007.10.20"]

1. e4 e5 2. Nf3 Nc6 3. Bb5 a6 4. Ba4 Nf6 5. O-O Nxe4 6. d4 b5 7. Bb3 d5 8. dxe5
Be6 9. c3 Bc5 10. Nbd2 O-O 11. Bc2 Nxf2 12. Rxf2 f6 13. exf6 Bxf2+ 14. Kxf2
Qxf6 15. Nf1 Ne5 16. Be3 Nxf3 17. gxf3 c6 18. Bc5 Rf7 19. Qe2 Bg4 20. Nd2 Bf5
21. Bxf5 Qxf5 22. Re1 Rf6 23. Qe5 Qc2 24. Re2 Qd1 25. Qh5 Rg6 26. Nf1 a5 27.
Qe5 a4 28. Ng3 h6 29. h4 Qd3 30. Qf5 Qxf5 31. Nxf5 Rf6 32. Nd4 g6 33. Re7 Rc8
34. Kg3 h5 35. Re5 Rc7 36. Be7 Rf7 37. Bd6 Rc8 38. Re6 c5 39. Nxb5 Rb7 40. c4
dxc4 41. Nc3 Kf7 42. Re2 Rc6 43. Ne4 1-0

[Event "2. Bundesliga Ost 2007/2008"]
[Site "?"]
[Date "2008.03.15"]
[Round "10.2"]
[White "Geismann, Bernhard"]
[Black "Lipp, Alfred"]
[Result "1-0"]
[WhiteElo "2099"]
[BlackElo "2144"]
[PlyCount "61"]
[EventDate "2007.10.20"]

1. Nc3 c5 2. Nf3 Nc6 3. d4 cxd4 4. Nxd4 g6 5. Bg5 Bg7 6. Ndb5 Nf6 7. Nd5 Nxd5
8. Nd6+ Kf8 9. Qxd5 Qa5+ 10. Qxa5 Nxa5 11. Nxc8 Rxc8 12. O-O-O d6 13. Kb1 a6
14. e4 h6 15. Bc1 Kg8 16. f4 Kh7 17. g4 Rc7 18. h4 Rhc8 19. Bd3 Nc6 20. c3 b5
21. h5 b4 22. c4 b3 23. axb3 Rb8 24. c5 dxc5 25. Bc4 e6 26. hxg6+ Kxg6 27. f5+
Kh7 28. Bf4 e5 29. Bxh6 Nd4 30. g5 Rb6 31. f6 1-0

[Event "2. Bundesliga Ost 2007/2008"]
[Site "?"]
[Date "2008.03.15"]
[Round "10.3"]
[White "Ganaus, Hannes"]
[Black "Pachta, Paul"]
[Result "1/2-1/2"]
[WhiteElo "2294"]
[BlackElo "2288"]
[PlyCount "90"]
[EventDate "2007.10.20"]

1. d4 Nf6 2. c4 e6 3. Nc3 Bb4 4. e3 c5 5. a3 Bxc3+ 6. bxc3 O-O 7. Bd3 d5 8.
cxd5 exd5 9. Ne2 Bg4 10. f3 Bh5 11. Nf4 Re8 12. O-O Bg6 13. Nxg6 hxg6 14. a4
Nc6 15. Re1 Rc8 16. Rb1 Na5 17. Ba3 cxd4 18. cxd4 b6 19. Rc1 Nc4 20. Bxc4 dxc4
21. e4 Qd7 22. Bb2 Red8 23. Bc3 Ne8 24. Qc2 Nc7 25. Rcd1 Ne6 26. g3 Ng5 27. Rf1
Re8 28. d5 f6 29. h4 Nf7 30. Kg2 a6 31. f4 Nd6 32. Rfe1 Qg4 33. Rb1 g5 34. Bb4
Nf7 35. hxg5 fxg5 36. Qe2 Qd7 37. Bc3 gxf4 38. gxf4 Nd6 39. Qf3 Qxa4 40. Rxb6
Nxe4 41. Be5 Nf6 42. Rxf6 gxf6 43. Qg4+ Kf8 44. Bd6+ Kf7 45. Qh5+ Kg7 1/2-1/2

[Event "2. Bundesliga Ost 2007/2008"]
[Site "?"]
[Date "2008.03.15"]
[Round "10.3"]
[White "Hodisch, Juri"]
[Black "Neumeier, Klaus"]
[Result "1/2-1/2"]
[WhiteElo "2357"]
[BlackElo "2273"]
[PlyCount "83"]
[EventDate "2007.10.20"]

1. d4 Nf6 2. c4 g6 3. Nc3 Bg7 4. Nf3 O-O 5. g3 d6 6. Bg2 Nc6 7. O-O Bg4 8. h3
Bxf3 9. Bxf3 Nd7 10. e3 e5 11. dxe5 Ndxe5 12. Be2 Qd7 13. Kg2 Ne7 14. Nd5 c6
15. Nxe7+ Qxe7 16. Qc2 Nd7 17. Bd2 a5 18. Rad1 Nc5 19. Bf3 Rfd8 20. h4 h5 21.
Rfe1 a4 22. Re2 a3 23. b3 Qf6 24. Rb1 Nd7 25. Ree1 d5 26. Be2 dxc4 27. bxc4 Nc5
28. Bb4 Na4 29. Rb3 Bf8 30. Bxf8 Kxf8 31. Rxa3 Nc5 32. Rxa8 Rxa8 33. Rd1 Kg7
34. Bf3 Ra3 35. Rd4 Ne6 36. Rd3 Ra5 37. Qd2 Ra4 38. Bd1 Rxc4 39. Bb3 Re4 40.
Rd7 b5 41. Qd6 Re5 42. Kg1 1/2-1/2

[Event "2. Bundesliga Ost 2007/2008"]
[Site "?"]
[Date "2008.03.15"]
[Round "10.3"]
[White "Vitouch, Anatol"]
[Black "Hechl, Gerald"]
[Result "0-1"]
[WhiteElo "2211"]
[BlackElo "2197"]
[PlyCount "104"]
[EventDate "2007.10.20"]

1. Nf3 d6 2. d4 Nf6 3. g3 Nbd7 4. c4 c6 5. Bg2 e5 6. Nc3 Be7 7. O-O Qc7 8. b3
Nf8 9. Bb2 Ng6 10. Rc1 Bg4 11. h3 Bd7 12. a4 Qc8 13. Kh2 h5 14. h4 e4 15. Ne1
Ng4+ 16. Kg1 e3 17. f3 Nf2 18. Rxf2 exf2+ 19. Kxf2 Qd8 20. e3 Bxh4 21. gxh4
Qxh4+ 22. Kg1 Qe7 23. Qd2 h4 24. Kh2 h3 25. Bh1 Nh4 26. Ne4 f5 27. Ng3 Ng2 28.
Nxg2 hxg2+ 29. Kxg2 Qh4 30. Kf2 g5 31. d5 Rh6 32. Re1 O-O-O 33. Bc1 Rf8 34. f4
gxf4 35. exf4 Rg6 36. Qd3 Rfg8 37. Rg1 c5 38. Bd2 Rg4 39. Be1 Kc7 40. Bd2 Be8
41. Ba5+ b6 42. Bd2 Kb7 43. Qe3 Ka6 44. Qd3 Kb7 45. Qe3 Bh5 46. Qd3 Qh2+ 47.
Rg2 Qxh1 48. Qxf5 Qxg2+ 49. Kxg2 Rxg3+ 50. Kf1 Rg1+ 51. Kf2 R8g2+ 52. Ke3 Re2+
0-1

[Event "2. Bundesliga Ost 2007/2008"]
[Site "?"]
[Date "2008.03.15"]
[Round "10.3"]
[White "Mayr, Thomas"]
[Black "Wirius, Johannes"]
[Result "1/2-1/2"]
[WhiteElo "2118"]
[BlackElo "2181"]
[PlyCount "58"]
[EventDate "2007.10.20"]

1. e4 c5 2. Ne2 g6 3. c4 Bg7 4. d4 cxd4 5. Nxd4 Nc6 6. Be3 Nf6 7. Nc3 O-O 8.
Be2 d6 9. O-O Bd7 10. f3 a6 11. Qd2 Rc8 12. Rfc1 Re8 13. Rab1 Ne5 14. b3 Qc7
15. a3 Qb8 16. h3 e6 17. Nc2 Red8 18. Bb6 Re8 19. f4 Nc6 20. g4 Re7 21. b4 Be8
22. Bf3 Nd7 23. Bf2 Nf6 24. Rd1 e5 25. g5 Nh5 26. Nd5 Nxf4 27. Nxe7+ Nxe7 28.
Kh2 Ba4 29. Rdc1 Rxc4 1/2-1/2

[Event "2. Bundesliga Ost 2007/2008"]
[Site "?"]
[Date "2008.03.15"]
[Round "10.4"]
[White "Pinter, Erik"]
[Black "Schroll, Gerhard"]
[Result "1/2-1/2"]
[WhiteElo "2389"]
[BlackElo "2409"]
[PlyCount "80"]
[EventDate "2007.10.20"]

1. e4 e5 2. Nf3 Nf6 3. Nxe5 d6 4. Nf3 Nxe4 5. Nc3 Nxc3 6. dxc3 Be7 7. Bf4 Nd7
8. Qd2 Nc5 9. O-O-O Bg4 10. Re1 Ne6 11. Be3 O-O 12. h4 c6 13. Nh2 Bf5 14. g4
Be4 15. f3 Bxh4 16. fxe4 Bxe1 17. Qxe1 Ng5 18. Qh4 h6 19. Bxg5 Qxg5+ 20. Qxg5
hxg5 21. Nf3 Rfe8 22. Bc4 Rad8 23. Nxg5 Rd7 24. Rf1 Ree7 25. Kd2 g6 26. Kd3 Kg7
27. Bxf7 Rxf7 28. Nxf7 Rxf7 29. Rxf7+ Kxf7 30. c4 c5 31. g5 Ke6 32. Ke3 Ke5 33.
c3 b6 34. Kf3 Ke6 35. Kf4 Kd7 36. e5 Ke6 37. exd6 Kxd6 38. Ke4 Ke6 39. Kf4 Kd6
40. Ke4 Ke6 1/2-1/2

[Event "2. Bundesliga Ost 2007/2008"]
[Site "?"]
[Date "2008.03.15"]
[Round "10.4"]
[White "Steiner, Bruno"]
[Black "Vlcek, Stanislav"]
[Result "0-1"]
[WhiteElo "2247"]
[BlackElo "2322"]
[PlyCount "64"]
[EventDate "2007.10.20"]

1. Nf3 Nf6 2. c4 g6 3. b4 a5 4. bxa5 Bg7 5. Bb2 O-O 6. g3 d6 7. Bg2 e5 8. d3
Re8 9. O-O Rxa5 10. Nbd2 Bd7 11. Nb3 Ra7 12. c5 Bc6 13. Qd2 Nbd7 14. Rfc1 Qa8
15. cxd6 cxd6 16. Qc2 Nb6 17. Nfd2 d5 18. Nc5 Bh6 19. f4 Ng4 20. Bh3 Ne3 21.
Qb3 Na4 22. Nxa4 Bxa4 23. Qb6 Nc2 24. Nf3 Ra6 25. Qc5 Nxa1 26. Nxe5 Nc2 27. Qc7
Qa7+ 28. Kh1 b5 29. Rxc2 Bxc2 30. Qxc2 Bg7 31. a3 Qf2 32. Bg2 Qe1+ 0-1

[Event "2. Bundesliga Ost 2007/2008"]
[Site "?"]
[Date "2008.03.15"]
[Round "10.4"]
[White "Bachofner, Andreas"]
[Black "Posch, Werner"]
[Result "1/2-1/2"]
[WhiteElo "2246"]
[BlackElo "2207"]
[PlyCount "103"]
[EventDate "2007.10.20"]

1. e4 Nf6 2. e5 Nd5 3. Nc3 Nxc3 4. dxc3 d5 5. Nf3 Bg4 6. h3 Bxf3 7. Qxf3 e6 8.
Bf4 c6 9. Bd3 Nd7 10. O-O g5 11. Bg3 Bg7 12. Rfe1 h5 13. c4 Nc5 14. cxd5 Qxd5
15. Qxd5 cxd5 16. Bb5+ Ke7 17. f3 a6 18. Bf1 Rac8 19. c3 Nd7 20. Rad1 Rc7 21.
h4 Bh6 22. Rd4 Rcc8 23. hxg5 Bxg5 24. f4 Bh6 25. Bh4+ Ke8 26. Kh1 Bf8 27. f5
Be7 28. Bxe7 Kxe7 29. f6+ Ke8 30. Rh4 Nc5 31. Be2 Ne4 32. Kg1 Kd7 33. Rxh5 Rcg8
34. Rxh8 Rxh8 35. Bf3 Nd2 36. Kf2 Nc4 37. b3 Na5 38. Rd1 Kc7 39. Rd4 Nc6 40.
Rg4 Nxe5 41. Rd4 Rh6 42. Ke3 Rxf6 43. Rd2 b5 44. Be2 Rg6 45. Kf4 Kd6 46. c4
bxc4 47. bxc4 f6 48. cxd5 exd5 49. Bxa6 Rg5 50. Bf1 Ng6+ 51. Ke3 Rg3+ 52. Kf2
1/2-1/2

[Event "2. Bundesliga Ost 2007/2008"]
[Site "?"]
[Date "2008.03.15"]
[Round "10.4"]
[White "Steiner, Adam"]
[Black "Koffler, Daniel"]
[Result "1/2-1/2"]
[WhiteElo "2200"]
[BlackElo "2213"]
[PlyCount "47"]
[EventDate "2007.10.20"]

1. e4 e5 2. Nf3 Nc6 3. Bb5 f5 4. Nc3 fxe4 5. Nxe4 Nf6 6. Qe2 d5 7. Nxf6+ gxf6
8. d4 Bg7 9. dxe5 O-O 10. e6 Ne5 11. O-O Bxe6 12. Nd4 Bg4 13. f3 Bc8 14. f4 c6
15. fxe5 fxe5 16. Rxf8+ Qxf8 17. Bd3 e4 18. Bxe4 Bxd4+ 19. Be3 Bxe3+ 20. Qxe3
dxe4 21. Qg5+ Qg7 22. Qd8+ Qf8 23. Qg5+ Qg7 24. Qd8+ 1/2-1/2

[Event "2. Bundesliga Ost 2007/2008"]
[Site "?"]
[Date "2008.03.15"]
[Round "10.4"]
[White "Bachofner, Christian"]
[Black "Todor, Razvan"]
[Result "0-1"]
[WhiteElo "2098"]
[BlackElo "2198"]
[PlyCount "38"]
[EventDate "2007.10.20"]

1. e4 c5 2. Nf3 Nc6 3. Nc3 g6 4. d4 cxd4 5. Nxd4 Bg7 6. Be3 Nf6 7. Bc4 O-O 8.
Bb3 Qa5 9. O-O d6 10. h3 Bd7 11. f4 Qh5 12. Qxh5 Nxh5 13. Rad1 Rfc8 14. Nd5 Kf8
15. f5 Nxd4 16. Bxd4 Bxd4+ 17. Rxd4 gxf5 18. exf5 Ng3 19. Rf3 Ne2+ 0-1

[Event "2. Bundesliga Ost 2007/2008"]
[Site "?"]
[Date "2008.03.15"]
[Round "10.4"]
[White "Wiedner, Robert"]
[Black "Steinert, Martin"]
[Result "1-0"]
[WhiteElo "2197"]
[BlackElo "2046"]
[PlyCount "113"]
[EventDate "2007.10.20"]

1. d4 Nf6 2. c4 g6 3. Nc3 Bg7 4. e4 d6 5. f3 O-O 6. Nge2 e5 7. d5 c6 8. Be3 b5
9. cxb5 cxd5 10. Nxd5 Be6 11. Nec3 Nbd7 12. Nb4 Nb6 13. Qd2 Ne8 14. Be2 Qh4+
15. Bf2 Qe7 16. O-O h5 17. Rfd1 f5 18. Ncd5 Nxd5 19. Nxd5 Qf7 20. Bc4 Rc8 21.
b3 Kh7 22. Qe3 Rc5 23. b6 axb6 24. Nxb6 Bxc4 25. Nxc4 Rc6 26. a4 fxe4 27. Qxe4
Qc7 28. a5 Nf6 29. Qe1 Re8 30. Ra2 d5 31. Bb6 Qb8 32. Ne3 Rxb6 33. axb6 Qxb6
34. Qf2 d4 35. Nf1 Nd5 36. Re1 Bh6 37. Kh1 Nb4 38. Ng3 Nd3 39. Qe2 Nxe1 40.
Qxe1 Qxb3 41. Ra7+ Kg8 42. Ne4 Rf8 43. Ra6 Kg7 44. Nc5 Qd5 45. Ne6+ Kh7 46.
Ra7+ Kh8 47. Nxf8 Bxf8 48. Ra5 Qc6 49. Qxe5+ Bg7 50. Qc5 Qe6 51. Qc1 d3 52.
Ra8+ Kh7 53. Rd8 Qe2 54. h3 h4 55. Rd7 Kh8 56. Qc8+ Kh7 57. Qc3 1-0

[Event "2. Bundesliga Ost 2007/2008"]
[Site "?"]
[Date "2008.03.15"]
[Round "10.5"]
[White "Kleiser, Gregor"]
[Black "Beckhuis, Gernod"]
[Result "1/2-1/2"]
[WhiteElo "2323"]
[BlackElo "2350"]
[PlyCount "131"]
[EventDate "2007.10.20"]

1. d4 Nf6 2. c4 e6 3. Nc3 Bb4 4. e3 O-O 5. Nge2 d5 6. a3 Bd6 7. Ng3 c5 8. Be2
dxc4 9. Bxc4 cxd4 10. exd4 Nc6 11. Be3 b6 12. O-O Bb7 13. Qd2 Ne7 14. Bg5 Ned5
15. Nxd5 exd5 16. Ba2 h6 17. Be3 Ng4 18. Bb1 g6 19. h3 Nxe3 20. Qxe3 Qh4 21.
Bxg6 Bf4 22. Qd3 fxg6 23. Qxg6+ Kh8 24. Rae1 Bxg3 25. fxg3 Rxf1+ 26. Rxf1 Qxd4+
27. Kh2 Qg7 28. Qd6 Rg8 29. Rf6 Kh7 30. h4 d4 31. Qf4 Bd5 32. Qf5+ Kh8 33. Qe5
Be4 34. Qf4 d3 35. Rf7 Qg6 36. Qe5+ Rg7 37. Rf6 Qg4 38. Rxh6+ Bh7 39. Rd6 Qe2
40. Qf6 Qe4 41. Qf8+ Rg8 42. Qf6+ Rg7 43. Rd7 Qg4 44. Rd8+ Bg8 45. Rxd3 Qe6 46.
Qc3 Qc4 47. Qd2 Qg4 48. Qc3 Qc4 49. Qd2 Qg4 50. Qh6+ Rh7 51. Qd6 Qg7 52. b4 Rh5
53. Re3 Rd5 54. Qf4 Rd4 55. Qf3 Rd2 56. Qh5+ Qh7 57. Qf3 Qf7 58. Qg4 Rf2 59.
Re5 Rf6 60. Rh5+ Bh7 61. Rg5 Rg6 62. Qd4+ Qg7 63. Qd8+ Qg8 64. Qd4+ Qg7 65.
Qd8+ Qg8 66. Qd4+ 1/2-1/2

[Event "2. Bundesliga Ost 2007/2008"]
[Site "?"]
[Date "2008.03.15"]
[Round "10.5"]
[White "Hangweyrer, Manfred"]
[Black "Wukits, Rene"]
[Result "1-0"]
[WhiteElo "2382"]
[BlackElo "2302"]
[PlyCount "72"]
[EventDate "2007.10.20"]

1. e4 c5 2. Nf3 e6 3. c3 Nf6 4. e5 Nd5 5. g3 d6 6. exd6 Bxd6 7. Bg2 Nc6 8. O-O
O-O 9. d4 cxd4 10. Nxd4 Ne5 11. Qe2 Bd7 12. c4 Nb4 13. Rd1 Qe7 14. Nc3 Rac8 15.
b3 Nbc6 16. Ndb5 Bb4 17. a3 Bxc3 18. Nxc3 Rfd8 19. Bf4 f6 20. Be3 Be8 21. f4
Nf7 22. b4 Nd6 23. Bf2 Nf5 24. g4 Nfd4 25. Qb2 Qc7 26. Be3 h5 27. Qf2 hxg4 28.
Bxd4 Nxd4 29. Rxd4 Rxd4 30. Qxd4 Qxc4 31. Qxc4 Rxc4 32. Ne2 b6 33. Rc1 Rxc1+
34. Nxc1 Kf7 35. Kf2 g5 36. fxg5 f5 1-0

[Event "2. Bundesliga Ost 2007/2008"]
[Site "?"]
[Date "2008.03.15"]
[Round "10.5"]
[White "Wallner, Alfred"]
[Black "Plachetka, Jan"]
[Result "1/2-1/2"]
[WhiteElo "2256"]
[BlackElo "2398"]
[PlyCount "37"]
[EventDate "2007.10.20"]

1. e4 e5 2. Nf3 Nc6 3. Bb5 a6 4. Ba4 Nf6 5. O-O Be7 6. d4 exd4 7. e5 Ne4 8.
Nxd4 O-O 9. Nf5 d5 10. exd6 Bxf5 11. dxe7 Nxe7 12. Bb3 Nc5 13. Bg5 Nxb3 14.
cxb3 f6 15. Be3 Nd5 16. Bc5 Re8 17. Nc3 Nxc3 18. bxc3 Qxd1 19. Rfxd1 1/2-1/2

[Event "2. Bundesliga Ost 2007/2008"]
[Site "?"]
[Date "2008.03.15"]
[Round "10.5"]
[White "Druckenthaner, Andreas"]
[Black "Schwaninger, Wolfgang"]
[Result "1-0"]
[WhiteElo "2289"]
[BlackElo "2175"]
[PlyCount "57"]
[EventDate "2007.10.20"]

1. e4 d6 2. d4 g6 3. Nf3 Bg7 4. Bc4 c6 5. Bb3 Nf6 6. Nc3 O-O 7. O-O Bg4 8. h3
Bxf3 9. Qxf3 e5 10. dxe5 dxe5 11. Bg5 h6 12. Be3 Qe7 13. Rad1 Nbd7 14. Rd2 Nc5
15. Bxc5 Qxc5 16. Rfd1 Qe7 17. Qd3 Rfe8 18. Qc4 Rac8 19. a4 Rc7 20. a5 Bf8 21.
Qe2 Kg7 22. Qf3 Nh5 23. Ne2 Qf6 24. Qe3 Nf4 25. Ng3 Bb4 26. c3 Be7 27. Qxa7 Rd8
28. Rxd8 Bxd8 29. Qb8 1-0

[Event "2. Bundesliga Ost 2007/2008"]
[Site "?"]
[Date "2008.03.15"]
[Round "10.5"]
[White "Newrkla, Katharina"]
[Black "Dimitrov, Philip"]
[Result "1/2-1/2"]
[WhiteElo "2037"]
[BlackElo "1962"]
[PlyCount "45"]
[EventDate "2007.10.20"]

1. e4 c5 2. Nf3 d6 3. d4 cxd4 4. Nxd4 Nf6 5. Nc3 a6 6. Bc4 Nc6 7. Nxc6 bxc6 8.
e5 d5 9. exf6 dxc4 10. Qxd8+ Kxd8 11. fxe7+ Bxe7 12. Bf4 Be6 13. O-O-O+ Kc8 14.
Na4 Kb7 15. Rhe1 Rhd8 16. Be3 Rd5 17. Rxd5 cxd5 18. Bd4 g6 19. Nc5+ Bxc5 20.
Bxc5 Kc6 21. Bd4 Re8 22. Kd2 Bd7 23. Rxe8 1/2-1/2

[Event "2. Bundesliga Ost 2007/2008"]
[Site "?"]
[Date "2008.03.15"]
[Round "10.6"]
[White "Polak, Thomas"]
[Black "Petran, Peter"]
[Result "1-0"]
[WhiteElo "2540"]
[BlackElo "2360"]
[PlyCount "65"]
[EventDate "2007.10.20"]

1. d4 g6 2. c4 f5 3. h4 Nf6 4. h5 Nxh5 5. Rxh5 gxh5 6. e3 Bg7 7. Qxh5+ Kf8 8.
Qxf5+ Kg8 9. Nc3 d6 10. Qg5 c6 11. Bd2 Qf8 12. Bd3 Na6 13. Nf3 Qf6 14. Qg3 Bf5
15. e4 Bg6 16. O-O-O e5 17. Be3 Bh5 18. dxe5 dxe5 19. c5 Kf8 20. Bc4 Bh6 21.
Nxe5 Nxc5 22. f4 Bxf4 23. Bxf4 Bxd1 24. Be3 Bh5 25. Bxc5+ Ke8 26. Be3 Rf8 27.
Nd5 Qd6 28. Qg5 Bg6 29. Bc5 Rf1+ 30. Kd2 Qd8 31. Qg4 Rf6 32. Ke3 cxd5 33. Bb5+
1-0

[Event "2. Bundesliga Ost 2007/2008"]
[Site "?"]
[Date "2008.03.15"]
[Round "10.6"]
[White "Brod, Manfred"]
[Black "Chytilek, Roman"]
[Result "1/2-1/2"]
[WhiteElo "2198"]
[BlackElo "2384"]
[PlyCount "72"]
[EventDate "2007.10.20"]

1. e4 c5 2. Nf3 e6 3. d4 cxd4 4. Nxd4 Nc6 5. Nb5 d6 6. c4 Nf6 7. N1c3 a6 8. Na3
Be7 9. Be2 O-O 10. O-O b6 11. Be3 Bb7 12. f3 Nd7 13. Qd2 Kh8 14. Nc2 Qc7 15.
Rac1 Rac8 16. b3 Rfd8 17. Rfd1 Qb8 18. Bf1 Ba8 19. Kh1 Re8 20. Nd4 Nce5 21. Nc2
Rg8 22. Bd4 Nf6 23. Qf2 Bd8 24. Nb4 Nc6 25. Nxc6 Bxc6 26. b4 Nd7 27. Be3 Bc7
28. a4 Rcd8 29. Bf4 Ne5 30. Bxe5 dxe5 31. c5 bxc5 32. Qxc5 Bb7 33. b5 Bd6 34.
Qb6 Bc7 35. Qc5 Bd6 36. Qb6 Bc7 1/2-1/2

[Event "2. Bundesliga Ost 2007/2008"]
[Site "?"]
[Date "2008.03.15"]
[Round "10.6"]
[White "Groetz, Harald"]
[Black "Riedner, Martin"]
[Result "1/2-1/2"]
[WhiteElo "2321"]
[BlackElo "2190"]
[PlyCount "137"]
[EventDate "2007.10.20"]

1. e4 e6 2. d4 d5 3. Nd2 Nf6 4. e5 Nfd7 5. c3 c5 6. Bd3 Nc6 7. Ne2 Rb8 8. O-O
b5 9. Nf3 Be7 10. Nf4 O-O 11. g3 b4 12. h4 bxc3 13. bxc3 cxd4 14. cxd4 Nb4 15.
Bb1 Ba6 16. Re1 Qc7 17. a3 Qc3 18. axb4 Qxa1 19. Qc2 g6 20. Bb2 Bd3 21. Nxd3
Qa6 22. Nc5 Nxc5 23. bxc5 Rb7 24. Bc1 Rfb8 25. Qd3 Qxd3 26. Bxd3 a5 27. Bc2 Rb4
28. Bd2 Rc4 29. Bd3 Ra4 30. Rc1 Bd8 31. Bg5 Bc7 32. Be7 Rb3 33. Bc2 Rc3 34.
Bxa4 Rxc1+ 35. Kg2 Ra1 36. Be8 a4 37. Ng5 h6 38. Bxf7+ Kg7 39. Bf6+ Kf8 40.
Nxe6+ Kxf7 41. Nxc7 a3 42. Bd8 Re1 43. e6+ Rxe6 44. Nxe6 a2 45. Ba5 a1=Q 46.
Nd8+ Ke8 47. Nb7 Qa4 48. c6 Qxc6 49. Nc5 Qb5 50. Bc7 Qe2 51. Bd6 Kf7 52. Bf4
Kg7 53. Be5+ Kh7 54. Nd7 Kg8 55. Nc5 g5 56. hxg5 hxg5 57. Nd7 Qe4+ 58. Kg1 Qf3
59. Nf6+ Kf7 60. Nd7 Ke6 61. Nf6 Qd1+ 62. Kg2 Qe2 63. Kg1 Qf3 64. Kf1 Qh1+ 65.
Ke2 Qg2 66. Ke1 Qh1+ 67. Ke2 Qg1 68. Ng4 Qh1 69. Nf6 1/2-1/2

[Event "2. Bundesliga Ost 2007/2008"]
[Site "?"]
[Date "2008.03.15"]
[Round "10.6"]
[White "Salamon, Werner"]
[Black "Schmid, Thomas"]
[Result "1/2-1/2"]
[WhiteElo "2147"]
[BlackElo "2181"]
[PlyCount "121"]
[EventDate "2007.10.20"]

1. e4 c5 2. Nf3 d6 3. d4 cxd4 4. Nxd4 Nf6 5. Nc3 e6 6. Be2 Be7 7. O-O O-O 8. f4
Nc6 9. Kh1 a6 10. Be3 Qc7 11. a4 Re8 12. Qe1 Nxd4 13. Bxd4 e5 14. fxe5 dxe5 15.
Qg3 Bd8 16. Be3 Kh8 17. Rad1 Be6 18. Rd2 Be7 19. Bg5 Ng8 20. Bxe7 Rxe7 21. Bg4
Qc4 22. Rfd1 Rf8 23. h3 f5 24. exf5 Bxf5 25. Bxf5 Rxf5 26. b3 Rf1+ 27. Kh2 Rxd1
28. Nxd1 Qc6 29. Ne3 Qe6 30. Rd8 h6 31. Qf3 Rf7 32. Qe4 Qf6 33. Re8 Qf4+ 34.
Qxf4 exf4 35. Nd5 Kh7 36. Kg1 g5 37. Kf2 Kg7 38. Rd8 h5 39. Kf3 Ne7 40. Rd7
Nxd5 41. Rxd5 Kf6 42. h4 g4+ 43. Kxf4 Ke6+ 44. Ke4 Rf2 45. Rxh5 Rxg2 46. Rh7
Rxc2 47. Rxb7 g3 48. Rg7 Rc3 49. h5 Rxb3 50. h6 Rb4+ 51. Kf3 Rxa4 52. Kxg3 Kf6
53. Ra7 Ra3+ 54. Kf2 Ra2+ 55. Ke3 Ra3+ 56. Ke4 Ra4+ 57. Kd5 Ra5+ 58. Kc6 Rh5
59. Rxa6 Rxh6 60. Kb5+ Kg5 61. Rxh6 1/2-1/2

[Event "2. Bundesliga Ost 2007/2008"]
[Site "?"]
[Date "2008.03.15"]
[Round "10.6"]
[White "Schirmbeck, Hannes"]
[Black "Wutzlhofer, Robert"]
[Result "1-0"]
[WhiteElo "2162"]
[BlackElo "2063"]
[PlyCount "75"]
[EventDate "2007.10.20"]

1. e4 c5 2. Nf3 d6 3. Bb5+ Bd7 4. Bxd7+ Qxd7 5. O-O Nc6 6. c3 Nf6 7. d4 cxd4 8.
cxd4 e5 9. Nc3 Be7 10. Be3 O-O 11. Rc1 a6 12. d5 Nb8 13. Nd2 Ng4 14. Bb6 f5 15.
f3 Nf6 16. Na4 Bd8 17. Nc4 Nh5 18. Bxd8 Qxd8 19. Ncb6 Nd7 20. Nxd7 Qxd7 21. Nb6
Qf7 22. Nxa8 Rxa8 23. Qc2 Nf4 24. Qc8+ Qf8 25. Qxf8+ Rxf8 26. Rc2 b5 27. g3 Nd3
28. a3 Nc5 29. b4 Nb3 30. Rc6 Nd2 31. Rf2 Nc4 32. Rxa6 Rc8 33. a4 Ne3 34. Rc6
Rd8 35. Re2 f4 36. a5 Nc4 37. a6 Rf8 38. g4 1-0